<?xml version="1.0" encoding="UTF-8"?>
<record
    xmlns:xsi="http://www.w3.org/2001/XMLSchema-instance"
    xsi:schemaLocation="http://www.loc.gov/MARC21/slim http://www.loc.gov/standards/marcxml/schema/MARC21slim.xsd"
    xmlns="http://www.loc.gov/MARC21/slim">

  <leader>02152nam a2200205Ia 4500</leader>
  <controlfield tag="003">OSt</controlfield>
  <controlfield tag="005">20251113123233.0</controlfield>
  <controlfield tag="008">210210b2017   xxu||||| |||| 00| 0 eng d</controlfield>
  <datafield tag="040" ind1=" " ind2=" ">
    <subfield code="c">AL</subfield>
  </datafield>
  <datafield tag="041" ind1=" " ind2=" ">
    <subfield code="a">Kannada</subfield>
  </datafield>
  <datafield tag="082" ind1=" " ind2=" ">
    <subfield code="a">K894.4 ACHB</subfield>
  </datafield>
  <datafield tag="100" ind1=" " ind2=" ">
    <subfield code="a">ACHARYA (Pa Vem)</subfield>
    <subfield code="d">&#xC86;&#xC9A;&#xCBE;&#xCB0;&#xCCD;&#xCAF; (&#xCAA;&#xCBE; &#xCB5;&#xCC6;&#xC82;)</subfield>
    <subfield code="9">174191</subfield>
  </datafield>
  <datafield tag="245" ind1=" " ind2=" ">
    <subfield code="a">Bembidada bhutagalu: svatantra bharatada sankatagala saramale</subfield>
    <subfield code="b">&#xCAC;&#xCC6;&#xC82;&#xCAC;&#xCBF;&#xCA1;&#xCA6; &#xCAD;&#xCC2;&#xCA4;&#xC97;&#xCB3;&#xCC1;: &#xCB8;&#xCCD;&#xCB5;&#xCA4;&#xC82;&#xCA4;&#xCCD;&#xCB0; &#xCAD;&#xCBE;&#xCB0;&#xCA4;&#xCA6; &#xCB8;&#xC82;&#xC95;&#xC9F;&#xC97;&#xCB3; &#xCB8;&#xCB0;&#xCAE;&#xCBE;&#xCB2;&#xCC6;</subfield>
  </datafield>
  <datafield tag="260" ind1=" " ind2=" ">
    <subfield code="a">Hubballi</subfield>
    <subfield code="b">Loka shikshana trast</subfield>
    <subfield code="c">2017</subfield>
  </datafield>
  <datafield tag="300" ind1=" " ind2=" ">
    <subfield code="a">xx,231</subfield>
  </datafield>
  <datafield tag="520" ind1=" " ind2=" ">
    <subfield code="a">&#xCAA;&#xCBE;.&#xCB5;&#xCC6;&#xC82;. &#xC86;&#xC9A;&#xCBE;&#xCB0;&#xCCD;&#xCAF;&#xCB0; &#xC85;&#xCAA;&#xCCD;&#xCB0;&#xC95;&#xC9F;&#xCBF;&#xCA4; &#xCAC;&#xCB0;&#xCC6;&#xCB9;&#xC97;&#xCB3; &#xCB8;&#xC82;&#xC95;&#xCB2;&#xCA8; &#x2018;&#xCAC;&#xCC6;&#xC82;&#xCAC;&#xCBF;&#xCA1;&#xCA6; &#xCAD;&#xCC2;&#xCA4;&#xC97;&#xCB3;&#xCC1;&#x2019; . &#xCB2;&#xCC7;&#xC96;&#xC95;-&#xCAA;&#xCA4;&#xCCD;&#xCB0;&#xC95;&#xCB0;&#xCCD;&#xCA4; &#xCB6;&#xCBF;&#xCB5;&#xCBE;&#xCA8;&#xC82;&#xCA6; &#xC9C;&#xCCB;&#xCB6;&#xCBF; &#xCB8;&#xC82;&#xCAA;&#xCBE;&#xCA6;&#xCBF;&#xCB8;&#xCBF;&#xCA6;&#xCCD;&#xCA6;&#xCBE;&#xCB0;&#xCC6;. &#xCAD;&#xCBE;&#xCB0;&#xCA4;&#xCA6; &#xCB8;&#xCCD;&#xCB5;&#xCBE;&#xCA4;&#xC82;&#xCA4;&#xCCD;&#xCAF;&#xCCD;&#xCB0; &#xCA8;&#xC82;&#xCA4;&#xCB0; &#xCA6;&#xCC7;&#xCB6;&#xCB5;&#xCC1; &#xC85;&#xCA8;&#xCC1;&#xCAD;&#xCB5;&#xCBF;&#xCB8;&#xCBF;&#xCA6; &#xCB8;&#xC82;&#xC95;&#xC9F;&#xC97;&#xCB3; &#xCB8;&#xCB0;&#xCAE;&#xCBE;&#xCB2;&#xCC6;&#xCAF;&#xCC7; &#xC88; &#xC95;&#xCC3;&#xCA4;&#xCBF;. &#xCB0;&#xCBE;&#xC9C;&#xC95;&#xCC0;&#xCAF; &#xCB8;&#xCC7;&#xCB0;&#xCBF;&#xCA6;&#xC82;&#xCA4;&#xCC6; &#xC8E;&#xCB2;&#xCCD;&#xCB2; &#xCB5;&#xCB2;&#xCAF;&#xCA6; &#xCB5;&#xCBF;&#xCA6;&#xCCD;&#xCAF;&#xCAE;&#xCBE;&#xCA8;&#xC97;&#xCB3;&#xCC1; &#xC87;&#xCB5;&#xCB0; &#xCAA;&#xCCD;&#xCB0;&#xC96;&#xCB0; &#xCB5;&#xCC8;&#xC9A;&#xCBE;&#xCB0;&#xCBF;&#xC95;&#xCA4;&#xCC6;&#xCAF;&#xCB2;&#xCCD;&#xCB2;&#xCBF; &#xCAE;&#xCBF;&#xC82;&#xCA6;&#xCBF;&#xCB5;&#xCC6;.

&#xCB8;&#xCCD;&#xCB5;&#xCBE;&#xCA4;&#xC82;&#xCA4;&#xCCD;&#xCAF;&#xCCD;&#xCB0;: &#xC85;&#xCA8;&#xCBF;&#xCB5;&#xCBE;&#xCB0;&#xCCD;&#xCAF;&#xCA6; &#xC94;&#xCA6;&#xCBE;&#xCB0;&#xCCD;&#xCAF;, &#xC97;&#xCB2;&#xCAD;&#xCC6;&#xC97;&#xCB3;&#xCC1;, &#xCAA;&#xCCD;&#xCB0;&#xC9C;&#xCBE;&#xCA4;&#xC82;&#xCA4;&#xCCD;&#xCB0; &#xCB9;&#xCBE;&#xC97;&#xCC2; &#xC85;&#xCA7;&#xCBF;&#xC95;&#xCBE;&#xCB0;&#xCA6;&#xCBE;&#xCB9;, &#xC9A;&#xCB3;&#xCB5;&#xCB3;&#xCBF;&#xC97;&#xCB3;&#xCC1; &#xCAE;&#xCA4;&#xCCD;&#xCA4;&#xCC1; &#xCA6;&#xCAC;&#xCCD;&#xCAC;&#xCBE;&#xCB3;&#xCBF;&#xC95;&#xCC6;, &#xC97;&#xCA1;&#xCBF;&#xCA4;&#xC82;&#xC9F;&#xCC6;: &#xCB5;&#xCBF;&#xCB5;&#xCC7;&#xC95; &#xCAE;&#xCA4;&#xCCD;&#xCA4;&#xCC1; &#xC85;&#xCB5;&#xCBF;&#xCB5;&#xCC7;&#xC95;, &#xCAD;&#xCBE;&#xCB0;&#xCA4;&#xCA6; &#xCA8;&#xCC6;&#xCB0;&#xCC6;-&#xCB9;&#xCCA;&#xCB0;&#xCC6;, &#xC9C;&#xCBE;&#xCA4;&#xCBF;&#xCAF;&#xCA4;&#xCC6;&#xCAF; &#xCAA;&#xCCD;&#xCB0;&#xCB6;&#xCCD;&#xCA8;&#xCC6;: &#xC85;&#xCB0;&#xCCD;&#xCA5; &#xCAE;&#xCA4;&#xCCD;&#xCA4;&#xCC1; &#xC85;&#xCA8;&#xCB0;&#xCCD;&#xCA5;, &#xCB0;&#xCBE;&#xC9C;&#xC95;&#xCBE;&#xCB0;&#xCA3; &#xC92;&#xC82;&#xCA6;&#xCC1; &#xCB5;&#xCC3;&#xCA4;&#xCCD;&#xCA4;&#xCBF;&#xCAF;&#xCBE;&#xC97;&#xCAC;&#xCC7;&#xC95;&#xCC1; &#xCB8;&#xCC7;&#xCB0;&#xCBF;&#xCA6;&#xC82;&#xCA4;&#xCC6; &#xC92;&#xC9F;&#xCCD;&#xC9F;&#xCC1; &#xCB5;&#xCBF;&#xCA6;&#xCCD;&#xCB5;&#xCA4;&#xCCD; &#xCAA;&#xCC2;&#xCB0;&#xCCD;&#xCA3;&#xCB5;&#xCBE;&#xCA6; 29 &#xCB2;&#xCC7;&#xC96;&#xCA8;&#xC97;&#xCB3;&#xCC1; &#xC9C;&#xCCA;&#xCA4;&#xCC6;&#xC97;&#xCC6; &#xCA4;&#xCC7;&#xCB2;&#xCBF;&#xCA6;&#xCCD;&#xCA6;&#xCC6;&#xCB7;&#xCCD;&#xC9F;&#xCC1; &#xC88;&#xCB8;&#xCBF;&#xCA6;&#xCCD;&#xCA6;&#xCC6;&#xCB7;&#xCCD;&#xC9F;&#xCC1; (&#xCAA;&#xCBE;.&#xCB5;&#xCC6;&#xC82;. &#xC86;&#xCA4;&#xCCD;&#xCAE;&#xCBE;&#xCB5;&#xCB2;&#xCCB;&#xC95;&#xCA8;) &#xCB8;&#xC82;&#xC95;&#xCB2;&#xCA8; &#xC92;&#xCB3;&#xC97;&#xCCA;&#xC82;&#xCA1;&#xCBF;&#xCA6;&#xCC6;. </subfield>
  </datafield>
  <datafield tag="690" ind1=" " ind2=" ">
    <subfield code="a">Kannada Prose</subfield>
    <subfield code="9">174192</subfield>
  </datafield>
  <datafield tag="906" ind1=" " ind2=" ">
    <subfield code="a">072353</subfield>
  </datafield>
  <datafield tag="942" ind1=" " ind2=" ">
    <subfield code="2">ddc</subfield>
    <subfield code="c">BK</subfield>
  </datafield>
  <datafield tag="999" ind1=" " ind2=" ">
    <subfield code="c">122294</subfield>
    <subfield code="d">122294</subfield>
  </datafield>
  <datafield tag="952" ind1=" " ind2=" ">
    <subfield code="0">0</subfield>
    <subfield code="1">0</subfield>
    <subfield code="2">ddc</subfield>
    <subfield code="4">0</subfield>
    <subfield code="7">0</subfield>
    <subfield code="8">KAN</subfield>
    <subfield code="a">AL</subfield>
    <subfield code="b">AL</subfield>
    <subfield code="c">Kannada Literature</subfield>
    <subfield code="d">2021-02-17</subfield>
    <subfield code="e">Navakarnataka Publication Pvt Ltd., Mangalore.</subfield>
    <subfield code="g">170.00</subfield>
    <subfield code="l">0</subfield>
    <subfield code="o">K894.4 ACHB</subfield>
    <subfield code="p">072353</subfield>
    <subfield code="r">2021-02-17 00:00:00</subfield>
    <subfield code="w">2021-02-17</subfield>
    <subfield code="y">BK</subfield>
  </datafield>
</record>
